| 000 | 00546nam a2200193Ia 4500 | ||
|---|---|---|---|
| 005 | 20250326144823.0 | ||
| 008 | 250326s9999 xx 000 0 und d | ||
| 020 | _a81-7188-528-4 | ||
| 037 | _aTextbook | ||
| 040 |
_aFMSL _beng _cFMSL |
||
| 041 |
_aeng _2eng |
||
| 084 |
_aX:74 P6 _qFMSL |
||
| 100 |
_aNorth D C _9750154 |
||
| 245 | 0 |
_aUnderstanding the process of economic change _cNorth D C |
|
| 260 |
_aNew Delhi _bNew Delhi, Academic Foundation _c2006 |
||
| 300 | _a188p | ||
| 942 |
_cTB _hX:74 P6 |
||
| 999 |
_c1305197 _d1305197 |
||